Responses for Show #8782 - Tuesday, January 10, 2023

Contestants

[<< previous game]

Suzanne Zgraggen, a zoo educator from West Valley, Utah

Max Davison, a writer from Studio City, California

Connor Sears, a copy editor from Queens, New York (whose 1-day cash winnings total $28,000)

[next game >>]

Jeopardy! Round responses

SPORTS TROPHIES
NYC SUBWAY STOPS
POTPOURRI
ANIMAL, VEGETABLE OR MINERAL ANAGRAMS
ON THE SCIENTIST'S RÉSUMÉ
THE BOTTOM LINE
    $200 30
Boot

Max!
    $200 7
Grand Central Station

Connor
    $200 29
Tic Tacs

Max!
    $200 28
cauliflower

Triple Stumper
    $200 26
Copernicus

Connor
    $200 23
Frost

Connor
    $400 15
(Max!: What is the America's Cup?)

the Indianapolis 500

Max!
Triple Stumper
    $400 6
(Max!: What is Queens?)
...
(Ken: There we go, yes, the eternal rivalry.)

Brooklyn

ConnorMax!
    $400 18
tic-tac-toe

Connor
    $400 27
wallaby

Connor
    $400 25
Sally Ride

Connor
    $400 22
Tyger

Suzanne
    $600 11
(Max!: What are assists?)

defense

Max!
Triple Stumper
    $600 4
Herald Square

Max!
    $600 17
TikTok

Connor
    $600 9
gypsum

Max!
    $2,200 24
(Connor: Uh... who's Cassini?)

Enrico Fermi

Connor
    $600 21
Chicago

Max!
    $800 10
the French Open

Suzanne
    $800 2
(Suzanne: What's "HOE-stun"?)
(Ken: Yeah, "HOW-stun" Street.)

Houston (Street)

Suzanne
    $800 16
Tick, Tick... Boom!

Suzanne
    $800 8
artichoke

Triple Stumper
    $800 14
(Rachel) Carson

Max!
    $800 20
Langston Hughes

Max!
    $1000 5
the Australian Football League

Connor
    $1000 1
the Museum of Natural History

Connor
    $1000 12
Rikki-Tikki-Tavi

Connor
    $1000 3
(Ken: Very good, wow.)

corundum

Connor
    $1000 13
Niels Bohr

Max!
    $1000 19
Hector

Max!

Scores at the first commercial break (after clue 15):

Connor Max! Suzanne
$4,600 $1,600 $1,600

Scores at the end of the Jeopardy! Round:

Connor Max! Suzanne
$4,600 $4,400 $2,800

Double Jeopardy! Round responses

AROUND THE GLOBE
BUSINESS PARTNERS
LEAD VOCALIST OF THE BAND
4th & GOAL
THE ATTORNEY GENERAL
BETWEEN 2 "C"s
(Ken: Each correct response will begin and end with the letter C.)
    $400 30
the Himalayas

Max!
    $400 28
Black+Decker

Connor
    $400 14
(Ken: You got all five of them.)
[Applause as Max extends double fists in celebration]

Pearl Jam

Max!
    $400 24
Jerusalem

Connor
    $400 22
(Ken: You just ran the category again, that's correct.)
[Applause]

Dred Scott

Max!
    $400 26
comic

Max!
    $800 29
Montevideo

Connor
    $800 27
Barnes & Noble

Suzanne
    $800 13
Weezer

Max!
    $800 23
a wall

Max!
    $800 21
Jeff Sessions

Max!
    $800 25
cherubic

Connor
    $1200 9
trench

Connor
    $4,000 15
(Ken: Max?)
(Max!: What is LensCrafters?)

Bausch + Lomb

Max!
    $1200 12
The Pretenders

Max!
    $1200 6
March

Triple Stumper
    $1200 20
Janet Reno

Max!
    $1200 3
Cognac

Connor
    $7,400 8
Auckland

Connor
    $1600 17
Wells Fargo

Connor
    $1600 11
(Connor: What is Talking Head?)

the Talking Heads

ConnorMax!
    $1600 5
(Max!: What is Tempe?)
...
(Ken: You guessed the wrong one; that's Arizona State.)

Tucson

Max!
Triple Stumper
    $1600 18
Ronald Reagan

Max!
    $1600 2
catalytic

Connor
    $2000 7
(Connor: What is the Appian Way?)

Via Emilia

Connor
Triple Stumper
    $2000 16
Sears Roebuck

Connor
    $2000 10
The Cardigans

Max!
    $2000 4
Hercules' fourth labor

Connor
    $2000 19
Eric Holder

Max!
    $2000 1
cambric

Triple Stumper

Scores at the end of the Double Jeopardy! Round:

Connor Max! Suzanne
$20,400 $12,400 $3,600

[wagering suggestions for these scores]

Final Jeopardy! Round responses

CLASSIC TALE CHARACTERS
(Ken: She ceased speaking nearly 1,000 times because this is from the One Thousand and One Nights, The Arabian Nights; this is [*], telling a new story every night, to try to delay her own execution.)
SuzanneWho is the Little Mermaid?
$3,600
Max!Who is Sleeping Beauty?
$8,001
ConnorWho is Echo?
$4,401
Scheherazade

Final scores:

Connor Max! Suzanne
$15,999 $4,399 $0
2-day champion: $43,999 2nd place: $2,000 3rd place: $1,000

Game dynamics:

Coryat scores:

Connor Max! Suzanne
$16,800 $16,400 $3,600
23 R
(including 1 DD),
3 W
(including 1 DD)
22 R,
5 W
(including 1 DD)
5 R,
0 W

Combined Coryat: $36,800

[game clues] [game scores] [suggest correction]

Game tape date: 2022-11-15
The J! Archive is created by fans, for fans. Scraping, republication, monetization, and malicious use prohibited; this site may use cookies and collect identifying information. See terms. The Jeopardy! game show and all elements thereof, including but not limited to copyright and trademark thereto, are the property of Jeopardy Productions, Inc. and are protected under law. This website is not affiliated with, sponsored by, or operated by Jeopardy Productions, Inc. Join the discussion at JBoard.tv.